Obce okresu Jihlava - Statistics

General Stats
  • This quiz has been taken 105 times
  • The average score is 18 of 123
Answer Stats
Počet obyvatel Odpověď % Correct
53 986 Jihlava
100%
911 Kostelec
80%
1 311 Velký Beranov
80%
3 130 Luka nad Jihlavou
73%
623 Malý Beranov
73%
5 815 Třešť
73%
2 443 Batelov
67%
3 897 Brtnice
67%
5 185 Telč
67%
200 Jihlávka
60%
1 991 Kamenice
60%
5 230 Polná
60%
479 Střítež
60%
415 Bítovčice
53%
1 232 Dolní Cerekev
53%
186 Kamenná
47%
90 Švábov
40%
885 Mrákotín
33%
628 Větrný Jeníkov
33%
234 Ústí
27%
633 Krahulčí
20%
88 Otín
20%
410 Pavlov
20%
300 Bílý Kámen
13%
306 Čížov
13%
379 Dlouhá Brtnice
13%
1 906 Dobronín
13%
551 Horní Dubenky
13%
1 402 Kněžice
13%
203 Markvartice
13%
202 Opatov
13%
137 Panské Dubenky
13%
231 Radkov
13%
546 Rancířov
13%
462 Rantířov
13%
1 104 Stonařov
13%
154 Věžnice
13%
955 Vyskytná nad Jihlavou
13%
450 Ždírec
13%
94 Brtnička
7%
354 Brzkov
7%
521 Cejle
7%
231 Cerekvička-Rosice
7%
98 Dolní Vilímeč
7%
104 Doupě
7%
197 Dudín
7%
489 Dušejov
7%
175 Hladov
7%
708 Hodice
7%
93 Horní Myslová
7%
101 Hrutov
7%
577 jamné
7%
254 Jezdovice
7%
174 Kaliště
7%
471 Kozlov
7%
216 Krasonice
7%
99 Lhotka
7%
271 Měšín
7%
132 Mysletice
7%
201 Mysliboř
7%
82 Olšany
7%
77 Olší
7%
72 Ořechov
7%
245 Panenská Rozsíčka
7%
191 Plandry
7%
871 Puklice
7%
269 Řásná
7%
427 Rohozná
7%
164 Rozseč
7%
334 Růžená
7%
120 Rybné
7%
309 Sedlejov
7%
470 Smrčná
7%
190 Stáj
7%
252 Suchá
7%
164 Třeštice
7%
144 Věžnička
7%
317 Vílanec
7%
52 Zadní Vydří
7%
61 Zdeňkov
7%
481 Zhoř
7%
202 Arnolec
0%
151 Bohuslavice
0%
83 Borovná
0%
170 Boršov
0%
125 Černíč
0%
309 Dobroutov
0%
211 Dvorce
0%
136 Dyjice
0%
162 Hojkov
0%
142 Hostětice
0%
147 Hubenov
0%
489 Hybrálec
0%
184 Jersín
0%
127 Ježená
0%
91 Jindřichovice
0%
124 Kalhov
0%
75 Klatovec
0%
194 Knínice
0%
78 Kostelní Myslová
0%
151 Milíčov
0%
166 Mirošov
0%
181 Nadějov
0%
220 Nevcehle
0%
876 Nová Říše
0%
84 Řídelov
0%
57 Sedlatice
0%
228 Šimanov
0%
625 Stará Říše
0%
92 Strachoňovice
0%
49 Svojkovice
0%
121 Urbanov
0%
84 Vanov
0%
37 Vanůvek
0%
33 Vápovice
0%
69 Volevčice
0%
450 Vysoké Studnice
0%
121 Vystrčenovice
0%
255 Záborná
0%
110 Žatec
0%
218 Zbilidy
0%
117 Zbinohy
0%
83 Zvolenovice
0%
No matching quizzes found
Score Distribution
Percent of People with Each Score
Percentile by Number Answered
Your Score History
You have not taken this quiz